Má světová harmonizace či dokonce standardizace v oblasti spojování podniků šanci? Dočkáme se českého účetního standardu pro oblast spojování podniků?

Podstata procesov spájania podnikov. Právne formy spájania podnikov a účtovné metódy spájania podnikov. Účtovné metódy pre podnikové kombinácie. Prioritné postavenie účtovnej metódy kúpy (Purchase Method). Účtovná metóda spojenia podielov (Pooling of Interests). Príklady právnej formy spojenia podni...

Descrizione completa

Salvato in:
Dettagli Bibliografici
Autore principale: Vomáčková, Hana
Natura: Capitolo di libro
Lingua:ceco
Soggetti:
Tags: Aggiungi Tag
Nessun Tag, puoi essere il primo ad aggiungerne!!

MARC

LEADER 00000naa$a2200000$$$4500
001 0007963
005 20230913112043.7
041 0 |a cze 
044 |a CZ 
245 1 0 |a Má světová harmonizace či dokonce standardizace v oblasti spojování podniků šanci? Dočkáme se českého účetního standardu pro oblast spojování podniků?  |c aut. Hana Vomáčková 
520 |a Podstata procesov spájania podnikov. Právne formy spájania podnikov a účtovné metódy spájania podnikov. Účtovné metódy pre podnikové kombinácie. Prioritné postavenie účtovnej metódy kúpy (Purchase Method). Účtovná metóda spojenia podielov (Pooling of Interests). Príklady právnej formy spojenia podnikov kapitálovou a majetkovou akvizíciou. 
610 2 0 |a podnik 
610 2 0 |a kombinácie podnikové 
610 2 0 |a metódy účtovné 
610 2 0 |a akvizícia 
610 2 0 |a kapitál 
610 2 0 |a majetok 
610 2 0 |a formy podnikov 
100 1 |a Vomáčková, Hana